|
|
|
|
| LEADER |
00000nam a2200000 a 4500 |
| 001 |
UCU2425 |
| 003 |
CL-VaPUC |
| 008 |
960426e19450000CN |||||||||||||||||fre|d |
| 082 |
0 |
4 |
|a 128
|b HEL
|2 21
|
| 100 |
|
|
|a Hello, Ernest
|e author
|9 358555
|
| 245 |
1 |
3 |
|a L' homme: la vie, la science, l'art
|
| 300 |
|
|
|a 366 p
|
| 942 |
|
|
|c BK
|
| 945 |
|
|
|d 19960426 00:00:00
|a rleighto
|
| 260 |
|
|
|a Montreal
|b Variétes
|c 1945
|
| 650 |
|
7 |
|a HUMANIDAD
|2 CL-VaPUC
|9 309969
|
| 650 |
|
7 |
|a HOMBRE
|2 CL-VaPUC
|9 262149
|
| 650 |
|
0 |
|a Ciencia
|9 255691
|
| 650 |
|
0 |
|a Arte
|9 265238
|
| 583 |
|
|
|a last modification
|c 19960426 00:00:00
|k Rodrigo Vera
|
| 999 |
|
|
|c 246720
|d 246718
|
| 952 |
|
|
|0 0
|1 0
|4 0
|6 128_000000000000000_HEL_1945
|7 0
|8 P
|9 261911
|a BIBEDU
|b BIBEDU
|c BIBEDU_PB
|d 2019-11-19
|i 3122662
|o 128 HEL 1945
|p 3122662
|r 2024-01-25
|w 2019-11-19
|y BK
|k FIL
|